US Cities (in top 100) with "ton" in their name - Statistics

General Stats
  • This quiz has been taken 40 times
  • The average score is 4 of 9
Answer Stats
Answer % Correct
Boston
92%
Washington
83%
Houston
78%
San Antonio
42%
Arlington
33%
Stockton
33%
Baton Rouge
28%
Lexington
25%
Winston–Salem
17%
No matching quizzes found
Score Distribution
Percent of People with Each Score
Percentile by Number Answered
Your Score History
You have not taken this quiz